| 000 | 00872nam a2200265 i 4500 | ||
|---|---|---|---|
| 001 | 186987 | ||
| 003 | ES-MaACL | ||
| 005 | 20230906222806.0 | ||
| 008 | 170322s1969 xxuao |||| |deng d | ||
| 080 | _a159.96 | ||
| 080 | _a612.82 | ||
| 100 | 1 |
_aDelgado, José M. R. _943412 |
|
| 245 | 1 | 0 |
_aPhysical control of the mind _b: toward a psychocivilized society / _cJosé M.R. Delgado ; planned and edited by Ruth Nanda Anshen. |
| 250 | _a1st ed. | ||
| 260 |
_aNew York : _bHarper & Row, _c1969. |
||
| 300 |
_aXXI, 280 p. : _bil., fot. ; _c23 cm. |
||
| 490 | 1 |
_aWorld perspectives ; _v41 |
|
| 504 | _aBibliografía: p. 263-280. | ||
| 650 | 0 | 4 |
_aMente y cuerpo. _914993 |
| 650 | 4 |
_aCerebro. _910903 |
|
| 700 | 1 |
_aAnshen, Ruth Nanda. _9162141 |
|
| 830 | 0 |
_aWorld perspectives ; _v41 _9225489 |
|
| 852 |
_aES-MaACL _jC-53435 _z- enc. cart. |
||
| 999 |
_c186987 _d186987 |
||